Detalles MARC
| 000 -LIDER |
| fixed length control field |
01381nam a2200361 a 4500 |
| 001 - NÚMERO DE CONTROL |
| Identificador de número de control |
000010976 |
| 003 - IDENTIFICACDOR DE NÚMERO DE CONTROL |
| control field |
DO-SdBNP |
| 005 - DATE AND TIME OF LATEST TRANSACTION |
| control field |
20211104104322.0 |
| 007 - CAMPOS FIJOS DE DESCRIPCIÓN FÍSICA |
| fixed length control field |
000010976 |
| 008 - ELEMENTOS DE LONGITUD FIJA |
| fixed length control field |
091013s2009 dr ach 001 0 spa d |
| 020 ## - ISBN |
| International Standard Book Number |
9789993431305 (rústica) |
| 020 ## - ISBN |
| International Standard Book Number |
9789993431299 (tapa dura) |
| 040 ## - FUENTE DE CATALOGACIÓN |
| Agencia que crea de manera original el registro |
BPMSU |
| Idioma de catalogación |
spa |
| Agencia que realiza la transcripción |
BPMSU |
| 092 ## - LOCALLY ASSIGNED DEWEY DECIMAL CALL NUMBER |
| Número de clasificación |
972.9305 |
| Número de ítem (Cutter) |
O88g 2009 |
| Número de edición |
22 |
| 245 03 - MENCIÓN DE TITULO |
| Título |
La otra guerra de abril : |
| Subtítulo |
la batalla cultural de los constitucionalistas / |
| Mención de responsabilidad |
investigación, compilación y notas Pedro Pablo Fernández. |
| 260 ## - PUBLICACIÓN, DISTRIBUCIÓN, ETC. (PIE DE IMPRENTA) |
| Lugar de publicación, distribución, etc |
Santo Domingo : |
| Nombre del editor, distribuidor, etc. |
Biblioteca Nacional Pedro Henríquez Ureña, |
| Fecha de publicación, distribución, etc |
2009. |
| 300 ## - DESCRIPCIÓN FÍSICA |
| Extensión |
371, (20) p. : |
| Otros detalles físicos |
il., retrs., facsíms. ; |
| Dimensiones |
27 cm. |
| 490 1# - MENCIÓN DE SERIES |
| Mención de serie |
Testimonio |
| 500 ## - NOTA GENERAL |
| Nota general |
Incluye índice onomástico |
| 504 ## - NOTA DE BIBLIOGRAFÍA, ETC. |
| Bibliography, etc |
Incluye referencias bibliográficas y notas al pie de las páginas |
| 504 ## - NOTA DE BIBLIOGRAFÍA, ETC. |
| Bibliography, etc |
Bibliografía: p.363-368 |
| 650 #4 - ENCABEZAMIENTO DE MATERIA--TEMÁTICO |
| Término temático o nombre geográfico como elemento de entrada |
PERIODÍSMO POLÍTICO |
| Subdivisión geográfica |
REPÚBLICA DOMINICANA |
| 650 #4 - ENCABEZAMIENTO DE MATERIA--TEMÁTICO |
| Término temático o nombre geográfico como elemento de entrada |
POLÍTICA Y CULTURA |
| Subdivisión geográfica |
REPÚBLICA DOMINICANA |
| 650 #4 - ENCABEZAMIENTO DE MATERIA--TEMÁTICO |
| Término temático o nombre geográfico como elemento de entrada |
LITERATURA DOMINICANA |
| 650 #4 - ENCABEZAMIENTO DE MATERIA--TEMÁTICO |
| Término temático o nombre geográfico como elemento de entrada |
ARTE Y REVOLUCIONES |
| Subdivisión geográfica |
REPÚBLICA DOMINICANA |
| 651 #4 - ENCABEZAMIENTO DE MATERIA--NOMBRE GEOGRÁFICO |
| Nombre geográfico |
REPÚBLICA DOMINICANA |
| Subdivisión temática general |
HISTORIA |
| Subdivisión cronológica |
REVOLUCIÓN, 1965 |
| 700 1# - ASIENTO SECUNDARIO -- NOMBRE PERSONAL |
| Nombre personal |
Fernández, Pedro Pablo, |
| Mención de responsabilidad |
comp. |
| 830 #0 - ASIENTO SECUNDARIO DE SERIE--TÍTULO UNIFORME |
| Título uniforme |
Testimonio |
| 910 ## - VALIDACIÓN |
| Validación |
Validado. Control de calidad BNPHU. |
| 942 ## - ADDED ENTRY ELEMENTS (KOHA) |
| Source of classification or shelving scheme |
Dewey Decimal Classification |
| Koha item type |
Libros |
| 945 ## - INFORMACIÓN DE PROCESAMIENTO LOCAL |
| Información de procesamiento local |
Inventariado / 2017 VM |
| 956 ## - LOCAL ELECTRONIC LOCATION AND ACCESS (OCLC) |
| Nombre de host |
VMATEO |
| Número de acceso |
10 |
| Información de compresión |
20150717 |
| Inicio de sesión |
BPMSU |
| Procesador de solicitud |
00151 |